Historical Figures whose Names starts with S - Statistics

General Stats
  • This quiz has been taken 35 times
  • The average score is 10 of 20
Answer Stats
Picture Hint Answer % Correct
Spanish surrealist artist Salvador Dalí
97%
theoretical physicist and cosmologist Stephen Hawking
97%
Austrian neurologist and the founder of psychoanalysis Sigmund Freud
94%
"The only thing I know, is that I know nothing" Socrates
94%
"the Liberator" of South America Simon Bolivar
88%
Hunkpapa Lakota leader Sitting Bull
67%
first American woman in space Sally Ride
45%
French feminist and philosopher, "Le Deuxieme Sexe" Simone de Beauvoir
45%
author of the Bell Jar Sylvia Plath
45%
longest-reigning Sultan of the Ottoman Empire Suleiman the Magnificent
42%
leader in the American women's suffrage movement Susan B. Anthony
42%
painter of the Birth of Venus Sandro Botticelli
39%
Waiting for Godot Samuel Beckett
36%
Ancient author of Oedipus Rex Sophocles
27%
Danish existentialist philosopher Søren Kierkegaard
27%
first Sultan of Egypt and Syria Saladin (Salah ad-Din Yusuf ibn Ayyub)
21%
English war poet and soldier Siegfried Sassoon
18%
Holy Roman Emperor and King of Hungary, Croatia, and Bohemia from the House of Luxembourg Sigismund
18%
"Father of New France", founded Quebec Samuel de Champlain
15%
first Roman Emperor of African descent Septimius Severus
12%
No matching quizzes found
Score Distribution
Percent of People with Each Score
Percentile by Number Answered
Your Score History
You have not taken this quiz